Quizzes
Events
Quiz Creation
Community
Videos
Private Events
Remove Ads
Sign In
Join for FREE
Feedback
Dark Mode
Quiz Categories
Sports
Geography
Music
Movies
Television
Just For Fun
Miscellaneous
History
Literature
Language
Science
Gaming
Entertainment
Religion
Holiday
For Kids
Quiz Lab
Recent
Popular Today
Quiz Kudos Today
Editor Picks
Curator Picks
Quizzes by...
Day
Popularity
Type
Ratings
Length
Year
Community
Subscriptions
Recent Discussions
Orange Saloon
Badges
Playlists
Quests
Create
Leaderboards
Showdown
Live 5
Trivia Bingo
Activity
Puzzle Library
Sporcle Events
Private Events
Virtual Trivia
Globe League
Become a Host
Pub Owners
SporcleCon
Opinionation
Our Games
Videos
Blog
Mobile Apps
Partnerships
Remove Ads and Go Orange
Feedback
Music
Pop Music
The Beatles
Song
Album
Lyrics
Bands
Singers
Artist
Clip
Rock
Rap
Classical
Billboard
Country Music
Kpop
Taylor Swift
Music
Pop Music
The Beatles
Song
Album
Lyrics
Bands
Singers
Artist
Clip
Rock
Rap
Classical
Billboard
Country Music
Kpop
Taylor Swift
Random Quiz
Search Sporcle
×
Quiz Lab
Quiz Lab
Music
Single
Type in answers that appear in a list
Type in answers that appear in a list
Classic
Best Score? Go Orange.
All C-ute single Stats
Can you name the All C-ute single
By
camille99
15m
31 Questions
8 Plays
8 Plays
8 Plays
Comments
Comments
Give Quiz Kudos
Give Quiz Kudos
-
- Ratings
hide this ad
Replay
Link that replays current quiz
Next Quiz
Link to next quiz in quiz playlist
You Got
0%
They Got
Avg Score
68%
Avg Friend Score
Upgrade to see
Score Distribution
Jump to the score distribution portion of the page
Score
0/31
Timer
15:00
0
Plays Today
Hint
Answer
% Correct
2007
Sakura Chirari
100%
2014
Love take it all
100%
2014
I Miss You
100%
2014
The Future
100%
2011
Kiss me Aishiteru
87.5%
2012
Aitai Aitai Aitai na
87.5%
2013
Kanashiki Amefuri
87.5%
2013
Adam to Eve no Dilemma
87.5%
2014
The power
87.5%
2014
Kanashiki Heaven
87.5%
2010
Shock
75%
2010
Aitai Lonely Christmas
75%
2011
Momoiro Sparkling
75%
2013
Kono Machi
75%
2013
Crazy Kanzen na Otona
75%
2013
Aitte Motto Zanshin
75%
Hint
Answer
% Correct
2007
Tokaikko Junjou
62.5%
2008
Namida no Iro
62.5%
2008
Forever Love
62.5%
2009
Everyday Zekkouchou
62.5%
2010
Campus Life
62.5%
2010
Dance de Bakoon
62.5%
2011
Sekaiichi Happy na Onna no Ko
62.5%
2013
Tokai no Hitorigurashi
62.5%
2014
Kokoro no Sakebi wo Uta ni Shitemita
62.5%
2008
Edo no Temari Uta II
50%
2009
Bye Bye Bye
50%
2012
Kimi wa Jitensha Watashi wa Densha de Kitaku
50%
2007
Meguru Koi no Kisetsu
37.5%
2009
Shochuu Omimai Moshiagemasu
37.5%
2008
LALALA Shihawase no Uta
12.5%
Quiz Playlist
Details
Report
Send in Message
Add To Playlist
Classic:
Type in answers that appear in a list
Last Updated: Feb 16, 2017
Quiz Scoreboard
CHALLENGE
Sign Up to Join the Scoreboard
Show All
Scores
Hide
Comments
May contain spoilers
Recently Published
Presidents Visiting Landmarks
by Hejman
History
7m
An Introduction to Baseball
by treessimontrees
Sports
5m
Movies - When Are They Set?
by FPL_Elf
Movies
5m
More to Explore
Quiz From the Vault
Featured Blog Post
Where Did the Easter Bunny Come From?
hide this ad
You Might Also Like...
Tags
Single
Today's Top Quizzes in Music
Browse Music
hide this ad
Today's Top Quizzes in Single
Browse Single
Top Contributed Quizzes in Music
1
Taylor Swift All Songs (2024)
2
Guess the Artist- 70s Songs
3
7-to-1: Billboard Hot 100 #1 Hits of 2010s
4
Sorting Albums and Songs
5
Taylor Swift Logic Puzzle
6
One Thing in Common: Music
7
2010s Album by Cover III
8
KPOP LOGIC QUIZ
9
Guess the Taylor Swift song (Mystery Song)
10
Guess the Artist- 80s Songs
Explore More
Trending Topics
Disney
NBA
Harry Potter
Crossword
Marvel
Anime
Kpop
Song
Soccer
Pokémon
NFL
Puzzle
Country
WWE
The Office
hide this ad
More By:
camille99
Quiz
Plays
Rating
Category
Featured
Created
All Morning Musume Singles
16
Music
Nov 7, 2014
All C-ute single
8
Music
Sep 14, 2014
Go to Creator's Profile
Score Distribution
Quiz Creator Spotlight
camille99
Follow
Send a Message
Quizzes Created
-
Created Quiz Play Count
-
More By This Creator
Popular Quizzes Today
1
Find the US States - No Outlines Minefield
2
Find the Countries of Europe - No Outlines Minefield
3
The Countries of the World
4
Find the US States
5
Popular People in 1961
6
US States
7
Risky Map Clicking: Biggest States A-Z
8
Movies - When Are They Set?
More Music Quizzes
Billboard Top 100 Artists (2020)
Curator's Pick
Trending Quizzes
Risky Map Clicking: Least Populous States A-Z
1-10 Letter G Words
1-10 Letter F Words
Risky Map Clicking: Next State Alphabetically
Risky Map Clicking: Biggest States A-Z
Recently Updated
Leaping Animals
pecheneg
Reality TV Shows (A-Z)
bhenderson79
Rickey Henderson's Hall of Fame Teammates
pecheneg
Champions League XIs: Arsenal
pecheneg
Quick Pick: Celebrities in WWE's Hall of Fame
aduchscher
A-Z Keypad Blitz II
pecheneg
Multiple Oscar Actors
pecheneg
Mystery Phrase Blitz: Oscar 'Best Actors'
pecheneg
F. Scott Fitzgerald Novels
LTH
Pick 3 Villains
ddd62291
Trending Topics
Disney
Kpop
Harry Potter
Crossword
Anime
Marvel
NBA
NFL
The Office
Pokémon
Song
WWE
Country
Soccer
Puzzle
Your Account Isn't Verified!
In order to create a playlist on Sporcle, you need to verify the email address you used during registration. Go to your
Sporcle Settings
to finish the process.
Report this User
Report this user for behavior that violates our
Community Guidelines
.
Details:
Send Report
Go to the Sporcle.com Mobile Site →
Comments